000 00373pam a2200145 a 4500
020 _c
041 _h
082 _a6.5999999999999996
_bSTE
100 _aSteven, Harrington
245 _aComputer Graphics A Programming Approach
_hTextual Documents
250 _a2nd ed
260 _aAmerica
_bMcgraw Hill Book Company Limited
_c2008
300 _axiv466
930 _a1450
999 _c108283
_d108283